000 00360nam a2200121Ia 4500
008 240731s9999 xx 000 0 und d
022 _a1749-9526
245 0 _aGeorisk: Assessment and Management of Risk for Engineered Systems and Geohazards
260 _bTaylor & Francis
856 _uhttps://www.tandfonline.com/loi/ngrk20
942 _2ddc
942 _cTFEJ
999 _c76729
_d76729
945 _a1
_bMadushi Gamage
_c1
_dMadushi Gamage